| 000 | 00395nam a22001697a 4500 | ||
|---|---|---|---|
| 003 | OSt | ||
| 005 | 20260405110900.0 | ||
| 008 | 260405b |||||||| |||| 00| 0 eng d | ||
| 020 | _a9781398518179 | ||
| 040 | _cLIRC | ||
| 082 | _a813.6 HOO | ||
| 100 |
_aHoover, Colleen _95778 |
||
| 245 | _aIt starts with us | ||
| 260 |
_aU.K. _bSimon & Schuster _c2022 |
||
| 300 | _a323 p. | ||
| 942 |
_2ddc _cUT |
||
| 999 |
_c33694 _d33694 |
||